[Event "CYP-ch"]
[Site "Larnaca"]
[Date "2019.01.26"]
[Round "5"]
[White "Michaelides, Konstantinos"]
[Black "Aristotelous, Vassilis"]
[Result "1/2-1/2"]
[WhiteElo "2229"]
[BlackElo "1758"]
[PlyCount "87"]
[EventDate "2019.01.12"]
[EventType "tourn"]
[EventRounds "9"]
[EventCountry "CYP"]
[SourceTitle "CBM 189 Extra"]
[Source "ChessBase"]
[SourceDate "2019.06.03"]
[SourceVersion "1"]
[SourceVersionDate "2019.06.03"]
[SourceQuality "1"]

1. d4 d5 2. c4 c6 3. cxd5 cxd5 4. Bf4 Nf6 5. Nc3 Nc6 6. e3 a6 7. Bd3 Bg4 8. Nge2 e6 9. Rc1 Bd6 10. f3 Bh5 11. Na4 0-0 12. Nc5 Bxf4 13. Nxf4 Qe7 14. Nxh5 Nxh5 15. 0-0 Nf6 16. f4 Rfc8 17. a3 Na5 18. Qf3 Nc4 19. Bxc4 dxc4 20. Rxc4 b6 21. Nxa6 Nd5 22. Rfc1 Rxc4 23. Rxc4 h6 24. Nb4 Re8 25. Nd3 Qa7 26. Rc1 Qa6 27. e4 Nf6 28. Nb4 Qb7 29. d5 exd5 30. exd5 Ne4 31. h3 f5 32. Qh5 Rf8 33. Qg6 Rf6 34. Qe8+ Kh7 35. Qd8 b5 36. Qc7 Qa8 37. Rc6 Rf8 38. Ra6 Qe8 39. Nd3 Qh5 40. Kh2 Qh4 41. Ra7 Qg3+ 42. Kg1 Rf6 43. Ne5 Qe3+ 44. Kh2 1/2-1/2

[Event "CYP-chB op"]
[Site "Nicosia"]
[Date "2015.01.17"]
[Round "4"]
[White "Aristotelous, Vassilis"]
[Black "Hadjiyiannis, Costas"]
[Result "1-0"]
[WhiteElo "1946"]
[BlackElo "2005"]
[PlyCount "47"]
[EventDate "2015.01.09"]
[EventType "swiss"]
[EventRounds "9"]
[EventCountry "CYP"]
[SourceTitle "EXT 2016"]
[Source "ChessBase"]
[SourceDate "2015.10.08"]
[SourceVersion "1"]
[SourceVersionDate "2015.10.08"]
[SourceQuality "1"]

1. e4 c6 2. d4 d5 3. exd5 cxd5 4. Bd3 Nc6 5. c3 Nf6 6. Bf4 g6 7. Nd2 Bg7 8. Ngf3 Bg4 9. Qb3 Bxf3 10. Nxf3 Qb6 11. Qxb6 axb6 12. Bc7 Nd7 13. 0-0 0-0 14. Rfe1 Rfc8 15. Bf4 e6 16. a3 Na5 17. Bb5 Nf6 18. Ne5 Nc4 19. Re2 Nd6 20. Bd3 Nh5 21. Nxg6 Nf5 22. g4 hxg6 23. gxh5 Nh4 24. hxg6 1-0

[Event "CYP-chB op"]
[Site "Nicosia"]
[Date "2015.01.11"]
[Round "3"]
[White "Georgiades, Michalis"]
[Black "Aristotelous, Vassilis"]
[Result "1/2-1/2"]
[WhiteElo "1760"]
[BlackElo "1946"]
[PlyCount "35"]
[EventDate "2015.01.09"]
[EventType "swiss"]
[EventRounds "9"]
[EventCountry "CYP"]
[SourceTitle "EXT 2016"]
[Source "ChessBase"]
[SourceDate "2015.10.08"]
[SourceVersion "1"]
[SourceVersionDate "2015.10.08"]
[SourceQuality "1"]

1. e4 d6 2. d4 Nf6 3. Nc3 g6 4. Bg5 Bg7 5. Qd2 h6 6. Bf4 g5 7. Bg3 Nh5 8. Be2 Nxg3 9. hxg3 Nc6 10. d5 Nd4 11. f4 g4 12. 0-0-0 c5 13. Bd3 Qa5 14. Kb1 Bd7 15. Nge2 Nxe2 16. Nxe2 Qxd2 17. Rxd2 b5 18. c3 1/2-1/2

[Event "Olympiad-41"]
[Site "Tromsoe"]
[Date "2014.08.02"]
[Round "1.3"]
[White "Aristotelous, Vassilis"]
[Black "Vakhidov, Jahongir"]
[Result "0-1"]
[WhiteElo "1946"]
[BlackElo "2471"]
[PlyCount "80"]
[EventDate "2014.08.02"]
[EventType "team-swiss"]
[EventRounds "11"]
[EventCountry "NOR"]
[SourceTitle "CBM 162"]
[Source "ChessBase"]
[SourceDate "2014.09.17"]
[SourceVersion "1"]
[SourceVersionDate "2014.09.17"]
[SourceQuality "1"]
[WhiteTeam "Cyprus"]
[BlackTeam "Uzbekistan"]
[WhiteTeamCountry "CYP"]
[BlackTeamCountry "UZB"]

1. e4 d5 2. exd5 Qxd5 3. Nc3 Qd6 4. g3 g6 5. Bg2 Bg7 6. Nf3 Nf6 7. 0-0 0-0 8. d3 Nc6 9. Re1 Re8 10. Nb5 Qd8 11. c3 e5 12. d4 a6 13. dxe5 Qxd1 14. Rxd1 axb5 15. exf6 Bxf6 16. Bf4 b4 17. Nd4 bxc3 18. bxc3 Nxd4 19. cxd4 c5 20. Be3 Bg4 21. Rd2 cxd4 22. Bf4 g5 23. Bd6 Re2 24. Rxe2 Bxe2 25. a3 d3 26. Ra2 Rc8 27. Be4 Rc4 28. Bf5 Bf3 29. Bxd3 Rd4 30. Rd2 Be4 31. Bxe4 Rxd2 32. Bc5 b5 33. Bf3 Rc2 34. Bb6 Be7 35. Be3 Bxa3 36. Bxg5 Bc5 37. Be3 Bxe3 38. fxe3 b4 39. Bd5 Rc3 40. Kf2 b3 0-1

[Event "Aegean op 37th"]
[Site "Aghios Kirykos"]
[Date "2014.07.18"]
[Round "8"]
[White "Theodorakopoulos, Georgios"]
[Black "Aristotelous, Vassilis"]
[Result "1-0"]
[WhiteElo "2118"]
[BlackElo "1967"]
[PlyCount "89"]
[EventDate "2014.07.12"]
[EventType "swiss"]
[EventRounds "9"]
[EventCountry "GRE"]
[SourceTitle "CBM 161 Extra"]
[Source "ChessBase"]
[SourceDate "2014.08.29"]
[SourceVersion "1"]
[SourceVersionDate "2014.08.29"]
[SourceQuality "1"]

1. d4 d5 2. c4 Nc6 3. Nc3 dxc4 4. e3 Nf6 5. Bxc4 e6 6. Nf3 Be7 7. 0-0 0-0 8. Qe2 a6 9. a4 Na5 10. Ba2 b5 11. e4 b4 12. e5 bxc3 13. exf6 Bxf6 14. bxc3 Bb7 15. Ba3 Re8 16. Ne5 Nc6 17. Rab1 Qc8 18. f4 Ne7 19. f5 Bxe5 20. dxe5 exf5 21. Rbd1 Nc6 22. e6 fxe6 23. Rxf5 Kh8 24. Rh5 g6 25. Rh4 e5 26. Bf7 Qf5 27. Rf1 Qg5 28. Bxe8 Rxe8 29. Rg4 Qh5 30. Qf3 Qf5 31. Qh3 Qe6 32. Qh6 Ne7 33. Bxe7 Qxe7 34. Rxg6 Be4 35. Rgf6 Kg8 36. Re6 Qxe6 37. Rf8+ Rxf8 38. Qxe6+ Rf7 39. Qe8+ Rf8 40. Qxe5 Bg6 41. Qxc7 Rf6 42. Qe7 Rf7 43. Qe6 Bd3 44. Qd5 Bf1 45. Qxf7+ 1-0

[Event "CYP-ch"]
[Site "Nikosia/Larnaca/Limassol"]
[Date "2013.09.22"]
[Round "6"]
[White "Evangelides, Kypros"]
[Black "Aristotelous, Vassilis"]
[Result "1/2-1/2"]
[WhiteElo "1771"]
[BlackElo "1960"]
[PlyCount "149"]
[EventDate "2013.09.07"]
[EventType "tourn"]
[EventRounds "9"]
[EventCountry "CYP"]
[SourceTitle "EXT 2014"]
[Source "ChessBase"]
[SourceDate "2013.11.20"]
[SourceVersion "1"]
[SourceVersionDate "2013.11.20"]
[SourceQuality "1"]

1. e4 d6 2. Bc4 Nf6 3. d3 g6 4. Ne2 Bg7 5. 0-0 0-0 6. a3 c6 7. Ba2 Be6 8. Nbc3 Bxa2 9. Rxa2 Nbd7 10. Ng3 d5 11. f3 Qc7 12. Nce2 Rfd8 13. Kh1 dxe4 14. fxe4 Ng4 15. Qe1 Qb6 16. h3 Ne3 17. Bxe3 Qxe3 18. Qf2 Qxf2 19. Rxf2 c5 20. b4 b6 21. Nf1 cxb4 22. axb4 a5 23. bxa5 Rxa5 24. Rxa5 bxa5 25. d4 Nb6 26. c3 Bh6 27. Nf4 Nc4 28. Nd3 Rb8 29. g4 Kf8 30. Nc5 Ke8 31. h4 e6 32. g5 Bf8 33. Na4 Rb3 34. Ra2 h6 35. Kg2 hxg5 36. hxg5 Be7 37. Kf3 Bxg5 38. Ng3 Be7 39. e5 Kd7 40. Ne4 Kc6 41. Ke2 Kb5 42. Kd3 Ra3 43. Rxa3 Bxa3 44. Ng5 Kxa4 45. Kxc4 Be7 46. Nxf7 Ka3 47. Nd6 a4 48. Kd3 Kb3 49. Nc4 g5 50. Nd2+ Kb2 51. Nc4+ Kc1 52. Nd2 a3 53. c4 Kb2 54. c5 a2 55. Nc4+ Kc1 56. Nd2 g4 57. c6 Bd8 58. d5 exd5 59. e6 Kb2 60. c7 Bxc7 61. e7 a1Q 62. e8Q Qa6+ 63. Kd4 Bb6+ 64. Kxd5 Qa5+ 65. Ke4 Qb4+ 66. Kd3 Qd4+ 67. Ke2 Qf2+ 68. Kd3 Qf5+ 69. Ke2 Qf2+ 70. Kd3 Qd4+ 71. Ke2 Qf2+ 72. Kd3 Qg3+ 73. Ke2 Qh2+ 74. Kd3 Qd6+ 75. Ke2 1/2-1/2

[Event "Olympiad-40"]
[Site "Istanbul"]
[Date "2012.08.28"]
[Round "1.3"]
[White "Jurcik, Marian"]
[Black "Aristotelous, Vassilis"]
[Result "1-0"]
[WhiteElo "2486"]
[BlackElo "1938"]
[PlyCount "39"]
[EventDate "2012.08.28"]
[EventType "team-swiss"]
[EventRounds "11"]
[EventCountry "TUR"]
[SourceTitle "CBM 151"]
[Source "ChessBase"]
[SourceDate "2012.11.13"]
[SourceVersion "1"]
[SourceVersionDate "2012.11.13"]
[SourceQuality "1"]
[WhiteTeam "Slovakia"]
[BlackTeam "Cyprus"]
[WhiteTeamCountry "SVK"]
[BlackTeamCountry "CYP"]

1. e4 g6 2. d4 Bg7 3. c4 c5 4. Nf3 cxd4 5. Nxd4 Nc6 6. Be3 d6 7. Nc3 Nf6 8. Be2 0-0 9. 0-0 Bd7 10. Qd2 Ng4 11. Bxg4 Bxg4 12. f4 Bd7 13. Rad1 Rc8 14. b3 Nb8 15. f5 Bc6 16. Bh6 Qb6 17. Bxg7 Kxg7 18. Kh1 Nd7 19. fxg6 hxg6 20. Nf5+ 1-0

[Event "EU-chT (Men) 18th"]
[Site "Porto Carras"]
[Date "2011.11.10"]
[Round "8.2"]
[White "Aristotelous, Vassilis"]
[Black "Muir, Andrew Joseph"]
[Result "0-1"]
[WhiteElo "1921"]
[BlackElo "2311"]
[PlyCount "90"]
[EventDate "2011.11.03"]
[EventType "team-swiss"]
[EventRounds "9"]
[EventCountry "GRE"]
[SourceTitle "CBM 146"]
[Source "ChessBase"]
[SourceDate "2012.01.18"]
[SourceVersion "1"]
[SourceVersionDate "2012.01.18"]
[SourceQuality "1"]
[WhiteTeam "Cyprus"]
[BlackTeam "Scotland"]
[WhiteTeamCountry "CYP"]
[BlackTeamCountry "SCO"]

1. e4 c5 2. Nc3 Nc6 3. f4 e6 4. Nf3 d5 5. Bb5 Nge7 6. exd5 exd5 7. Qe2 g6 8. Qe5 Rg8 9. 0-0 Bg7 10. Qe2 Bg4 11. h3 Bxf3 12. Qxf3 Qd6 13. d3 0-0-0 14. Bxc6 Nxc6 15. Nb5 Qd7 16. f5 Be5 17. Bf4 f6 18. fxg6 Rxg6 19. Bxe5 fxe5 20. Qf5 Qxf5 21. Rxf5 a6 22. Nc3 Nd4 23. Rh5 Rg3 24. Rf1 Nxc2 25. Rf3 Rxf3 26. gxf3 Ne1 27. Rxh7 b5 28. h4 Nxd3 29. Nd1 Rf8 30. h5 Rxf3 31. Kg2 e4 32. h6 Nf4+ 33. Kg1 e3 34. Re7 e2 35. Nf2 Nh3+ 36. Kg2 Rxf2+ 37. Kxh3 Rf6 38. h7 Rh6+ 39. Kg4 Rxh7 40. Rxe2 Kd7 41. Re5 Kd6 42. Rg5 Re7 43. Kf3 d4 44. Rg6+ Re6 45. Rg8 c4 0-1